000 00505nam a2200181Ia 4500
005 20250508152250.0
008 008 250505s9999 xx 000 0 eng d
037 _aTextual
040 _aFEDL
_beng
_cFEDL
041 _aeng
_2eng
084 _a500, BLO
_qFEDL
100 _aBlough Glenn O Ed.
_9761106
245 0 _aYoung people's book of science
260 _aNew York, USA
_bMcGraw-Hill Book Company
_c1958
300 _a446p.
942 _cTEXL
_h500, BLO
999 _c1335394
_d1335394